<?xml version="1.0" encoding="UTF-8"?>
<collection xmlns="http://www.loc.gov/MARC21/slim">
 <record>
  <leader>01073cam a2200241 a 4500</leader>
  <controlfield tag="001">1/42085</controlfield>
  <controlfield tag="008">120123s2002    enka     b    001 0 eng  </controlfield>
  <datafield tag="020" ind1=" " ind2=" ">
   <subfield code="a">1402004508 (alk. paper)</subfield>
  </datafield>
  <datafield tag="035" ind1=" " ind2=" ">
   <subfield code="l">44884</subfield>
  </datafield>
  <datafield tag="040" ind1=" " ind2=" ">
   <subfield code="a">DLC</subfield>
   <subfield code="c">DLC</subfield>
   <subfield code="d">GR-PeUP</subfield>
  </datafield>
  <datafield tag="082" ind1="0" ind2="0">
   <subfield code="a">338.9΄27΄0113 ECO</subfield>
  </datafield>
  <datafield tag="245" ind1="0" ind2="0">
   <subfield code="a">Economy-energy-environment simulation :</subfield>
   <subfield code="b">beyond the Kyoto Protocol /</subfield>
   <subfield code="c">edited by Kimio Uno.</subfield>
  </datafield>
  <datafield tag="260" ind1=" " ind2=" ">
   <subfield code="a">Dordrecht ;</subfield>
   <subfield code="a">Boston :</subfield>
   <subfield code="b">Kluwer Academic Publishers,</subfield>
   <subfield code="c">c2002.</subfield>
  </datafield>
  <datafield tag="300" ind1=" " ind2=" ">
   <subfield code="a">ix, 339 σ. :</subfield>
   <subfield code="b">εικ. ;</subfield>
   <subfield code="c">23 εκ.</subfield>
  </datafield>
  <datafield tag="490" ind1="1" ind2=" ">
   <subfield code="a">Economy &amp; environment ;</subfield>
  </datafield>
  <datafield tag="504" ind1=" " ind2=" ">
   <subfield code="a">Περιέχει βιβλιογραφία και ευρετήριο.</subfield>
  </datafield>
  <datafield tag="650" ind1=" " ind2="4">
   <subfield code="a">Pollution</subfield>
   <subfield code="x">Economic aspects</subfield>
   <subfield code="x">Computer simulation.</subfield>
  </datafield>
  <datafield tag="650" ind1=" " ind2="4">
   <subfield code="a">Energy consumption</subfield>
   <subfield code="x">Environmental aspects</subfield>
   <subfield code="x">Computer simulation.</subfield>
  </datafield>
  <datafield tag="650" ind1=" " ind2="4">
   <subfield code="a">Environmental protection</subfield>
   <subfield code="x">Economic aspects</subfield>
   <subfield code="x">Computer simulation.</subfield>
  </datafield>
  <datafield tag="700" ind1="1" ind2=" ">
   <subfield code="a">Uno, Kimio.</subfield>
  </datafield>
  <datafield tag="830" ind1=" " ind2=" ">
   <subfield code="a">Economy &amp; environment ;</subfield>
   <subfield code="v">20</subfield>
  </datafield>
  <datafield tag="852" ind1=" " ind2=" ">
   <subfield code="a">INST</subfield>
   <subfield code="b">UNIPILB</subfield>
   <subfield code="c">MAIN</subfield>
   <subfield code="e">20120123</subfield>
   <subfield code="h">338.9΄27΄0113 ECO</subfield>
   <subfield code="p">00164349</subfield>
   <subfield code="q">00164349</subfield>
   <subfield code="t">LOAN</subfield>
   <subfield code="y">4</subfield>
   <subfield code="x">20230711</subfield>
   <subfield code="4">1</subfield>
  </datafield>
  <datafield tag="856" ind1="4" ind2=" ">
   <subfield code="d">/webopac/covers/02/44884_1402004508.jpg</subfield>
   <subfield code="z">(alk. paper)</subfield>
  </datafield>
 </record>
</collection>
